Biblioteca ESET

Filosofía en 11 frases / (Registro nro. 1024)

Detalles MARC
000 -CABECERA
fixed length control field 01050nam a2200325 a 4500
003 - CONTROL NUMBER IDENTIFIER
control field AR-BeUNQ
005 - FECHA Y HORA DE LA ULTIMA TRANSACCION
control field 20240624194539.0
007 - CAMPO FIJO DE DESCRIPCION FIJA - INFORMACION GENERAL
fixed length control field ta
008 - ELEMENTOS DE LONGITUD FIJA-INFORMACION GENERAL
fixed length control field 240624s2023 ag gr 001 0 spa
015 ## - NATIONAL BIBLIOGRAPHY NUMBER
National bibliography number AR-2018
020 ## - NUMERO INTERNACIONAL NORMALIZADO PARA LIBROS
Número Internacional Normalizado del libro 9789501296877
040 ## - FUENTE DE CATALOGACION
Agencia de catalogación original AR-BaBN
Idioma de catalogación ESPAÑOL
Agencia que realiza la transcripción AR-BaBN
Convenciones de la descripción aacr
044 ## - COUNTRY OF PUBLISHING/PRODUCING ENTITY CODE
MARC country code ag
ISO country code ar-c
082 04 - NUMERO DE CLASIFICACION DECIMAL DEWEYMBER
Número de la edición 101
Número de clasificación 21
100 1# - ASIENTO PRINCIPAL-NOMBRE PERSONAL
Nombre personal Sztajnszrajber, Darío,
Fecha asociada al nombre 1968-
245 10 - MENCION DE TITULO
Título Filosofía en 11 frases /
Mención de responsabilidad, etc Dardío Sztajnszrajber.
246 03 - FORMA VARIANTE DEL TITULO
Título propiamente dicho/forma breve del título Filosofía en once frases
250 ## - MENCION DE EDICION
Mención de edición [1a ed.] 22a reimpr.
260 ## - PUBLICACION, DISTRIBUCION, ETC.
Lugar de publicación, distribución, etc. C.A.B.A. :
Nombre del editor, distribuidor, etc. Paidós,
Fecha de publicación, distribución, etc 2023
300 ## - DESCRIPCION FISICA
Extensión 311 p. ;
Dimensiones 23 cm.
504 ## - NOTA DE BIBLIOGRAFIA, ETC.
Nota de bibliografía, etc. Notas y bibliografía: p. [301-306] y [309]-311.
650 #7 - ASIENTO SECUNDARIO DE MATERIA - TERMINO TEMATICO
Término temático o nombre geográfico como elemento de entrada Filosofía
Fuente del encabezamiento o términ spines
650 #7 - ASIENTO SECUNDARIO DE MATERIA - TERMINO TEMATICO
Término temático o nombre geográfico como elemento de entrada Epistemología
Fuente del encabezamiento o términ spines
650 #7 - ASIENTO SECUNDARIO DE MATERIA - TERMINO TEMATICO
Término temático o nombre geográfico como elemento de entrada Ontología
Fuente del encabezamiento o términ spines
650 #7 - ASIENTO SECUNDARIO DE MATERIA - TERMINO TEMATICO
Término temático o nombre geográfico como elemento de entrada Historia
Fuente del encabezamiento o términ spines
929 ## - DATOS DE ADQUISICION
Procedencia COMPRA
Proveedor Cúspide Libros S. A.
Orden de compra Exp. 827-2000/2023
Precio 10710
Fecha de recibido 20231213
Patrimonio UNQ PAT0081059
Es copia 1
Número de inventario 62233
929 ## - DATOS DE ADQUISICION
Procedencia COMPRA
Proveedor Cúspide Libros S. A.
Orden de compra Exp. 827-2000/2023
Precio 10710
Fecha de recibido 20231213
Patrimonio UNQ PAT0081060
Es copia 2
Número de inventario 62234
942 ## - ELEMENTOS DE PUNTO DE ACCESO ADICIONAL (KOHA)
Tipo de ítem Koha Libros
Existencias
Estado de retiro Estado de pérdida Ubicación permanente Ubicación actual Ubicación en estantería Fecha de ingreso Total Checkouts Signatura topográfica completa Inventario Date last seen Número de copia Tipo de ítem Koha
    Biblioteca ESET - UNQ Biblioteca ESET - UNQ SALA 24/06/2024   101 SZT 62233 24/06/2024 1 Libros
    Biblioteca ESET - UNQ Biblioteca ESET - UNQ CIRCULACION 24/06/2024   101 SZT 62234 24/06/2024 2 Libros

ESET UNQ

☏ 4365-7188
 Avenida República de Francia 1714 entre Doctor Kenny y Concordia, Ezpeleta, Bs As.
✉ secretaria_eset@unq.edu.ar

Con tecnología Koha